Oscar Nominees (1935) Quiz Stats

Quiz not verified by Sporcle

Challenge
Share
Tweet
Embed
Score 0/88 Timer 12:00
0 Plays Today
% Correct
*Mutiny on the Bounty*
88.5%
Mutiny on the Bounty
88.5%
Mutiny on the Bounty
88.5%
Mutiny on the Bounty
88.5%
Clark Gable - Mutiny on the Bounty
86.7%
*Bette Davis* - Dangerous
85%
Charles Laughton - Mutiny on the Bounty
84.1%
Katharine Hepburn - Alice Adams
81.4%
The Informer
79.6%
*The Informer*
79.6%
*The Informer*
79.6%
The Informer
79.6%
*John Ford* - The Informer
78.8%
Alice Adams
77%
*Victor McLaglen* - The Informer
74.3%
Claudette Colbert - Private Worlds
73.5%
Franchot Tone - Mutiny on the Bounty
72.6%
Top Hat
70.8%
Top Hat
70.8%
Top Hat
70.8%
Paul Muni - Black Fury
69.9%
*The Dark Angel*
69%
The Dark Angel
69%
Broadway Melody of 1936
67.3%
Broadway Melody of 1936
67.3%
*Broadway Melody of 1936*
67.3%
Frank Lloyd - Mutiny on the Bounty
66.4%
Lovely to Look At - Roberta
66.4%
Merle Oberon - The Dark Angel
66.4%
Captain Blood
65.5%
% Correct
The Lives of a Bengal Lancer
65.5%
The Lives of a Bengal Lancer
65.5%
Captain Blood
65.5%
Captain Blood
65.5%
The Lives of a Bengal Lancer
65.5%
The Lives of a Bengal Lancer
65.5%
Captain Blood
65.5%
The Lives of a Bengal Lancer
65.5%
David Copperfield
64.6%
Miriam Hopkins - Becky Sharp
64.6%
David Copperfield
64.6%
*Lullaby of Broadway* - Gold Diggers of 1935
64.6%
Gold Diggers of 1935
64.6%
*A Midsummer Night's Dream*
63.7%
*A Midsummer Night's Dream*
63.7%
A Midsummer Night's Dream
63.7%
Les Misérables
61.9%
Les Misérables
61.9%
Les Misérables
61.9%
Michael Curtiz - Captain Blood
60.2%
Naughty Marietta
60.2%
*Naughty Marietta*
60.2%
Elisabeth Bergner - Escape Me Never
58.4%
Henry Hathaway - The Lives of a Bengal Lancer
57.5%
Cheek to Cheek - Top Hat
57.5%
Ruggles of Red Gap
56.6%
She
54.9%
Bride of Frankenstein
50.4%
G Men
46.9%
Peter Ibbetson
46.9%
% Correct
*The Scoundrel*
46.9%
The Crusades
46.9%
*Clem Beauchamp* - The Lives of a Bengal Lancer
44.2%
Eric Stacey - Les Misérables
40.7%
Barbary Coast
39.8%
Thanks a Million
39.8%
The Gay Deception
38.9%
$1,000 a Minute
38.9%
Go Into Your Dance
38.1%
The Big Broadcast of 1936
36.3%
Sherry Shourds - A Midsummer Night's Dream
36.3%
*Folies Bergère de Paris*
36.3%
I Dream Too Much
34.5%
*Paul Wing* - The Lives of a Bengal Lancer
32.7%
Broadway Hostess
32.7%
All the King's Horses
32.7%
King of Burlesque
32.7%
Joseph M. Newman - David Copperfield
29.2%
Love Me Forever
26.5%
*How to Sleep*
0%
Oh, My Nerves
0%
Tit for Tat
0%
*Wings Over Everest*
0%
Audioscopiks
0%
Camera Thrills
0%
*Three Orphan Kittens*
0%
The Calico Dragon
0%
Who Killed Cock Robin?
0%

You're not logged in!

Compare scores with friends on all Sporcle quizzes.
Join for Free
OR
Log In

You Might Also Like...

Show Comments

Extras

Top Quizzes Today


Score Distribution

Your Account Isn't Verified!

In order to create a playlist on Sporcle, you need to verify the email address you used during registration. Go to your Sporcle Settings to finish the process.

Report this User

Report this user for behavior that violates our Community Guidelines.

Details: